000 00408nam a2200181Ia 4500
001 14011
005 20260306164843.0
008 260306t2013||||xx |||||||||||||| ||spa||
041 _aESP
082 _a005.8
_bN514
100 _aNakariakov, Sergei
_eAUT
245 0 _aCracking programming interviews
260 _c2013
300 _a
_c
650 _aGEN
654 _aCCC
942 _cLIB
_dJUS
_fJUS
_2ddc
_n
999 _c14011
_d14011